KOHA-Header-6

Becoming A Teacher (Record no. 13734)

000 -LEADER
fixed length control field 00355nam a22001337a 4500
020 ## - INTERNATIONAL STANDARD BOOK NUMBER
ISBN 9781488615658
-- 9780655780540
-- 9781488620263
082 ## - DEWEY DECIMAL CLASSIFICATION NUMBER
Classification number 371.109
100 ## - MAIN ENTRY--AUTHOR NAME
Personal name Kerry Kennedy, Deborah Henderson, Colin Marsh
245 ## - TITLE STATEMENT
Title Becoming A Teacher
250 ## - EDITION STATEMENT
Edition statement 7th Edition
260 ## - PUBLICATION, DISTRIBUTION, ETC. (IMPRINT)
Place of publication Australia
Name of publisher Pearson
Year of publication 2022
300 ## - PHYSICAL DESCRIPTION
Number of Pages xix, 345 pages
942 ## - ADDED ENTRY ELEMENTS (KOHA)
Koha item type Books
Holdings
Withdrawn status Lost status Collection code Permanent Location Current Location Shelving location Date acquired Full call number Accession Number Koha item type
    English Literature MAJU MAJU Shelf No.A14 2023-03-20 371.109 10839 English Literature

Powered by Koha